| Tag |
First Indicator |
Second Indicator |
Subfields |
| LEADER |
00000cam a2200000 i 4500 |
| 001 |
in00003615021 |
| 005 |
20170928112716.0 |
| 008 |
151207s2016 gw g 000 0 eng |
| 010 |
|
|
|a 2015298582
|
| 016 |
7 |
|
|a 1078368651
|2 GyFmDB
|
| 016 |
7 |
|
|a 1078368651
|2 DE-101
|
| 019 |
|
|
|a 931648538
|
| 020 |
|
|
|a 9783110462593 (hd.bd.)
|
| 020 |
|
|
|a 3110462591 (hd.bd.)
|
| 020 |
|
|
|z 9783110464818 (PDF)
|
| 020 |
|
|
|z 9783110464481 (ePub : online)
|
| 024 |
3 |
|
|a 9783110462593
|
| 035 |
|
|
|a (OCoLC)ocn949848685
|
| 035 |
|
|
|a (OCoLC)949848685
|
| 035 |
|
|
|a (OCoLC)949848685
|z (OCoLC)931648538
|
| 040 |
|
|
|a DLC
|b eng
|e rda
|c DLC
|d OHX
|d BTCTA
|d YDXCP
|d OCLCF
|d HEBIS
|d PUL
|d OCL
|d TXA
|d UtOrBLW
|
| 042 |
|
|
|a pcc
|
| 049 |
|
|
|a TXAM
|
| 050 |
0 |
0 |
|a PN56.B62
|b P47 2016
|
| 072 |
|
7 |
|a PR
|2 lcco
|
| 072 |
|
7 |
|a K
|2 lcco
|
| 245 |
0 |
0 |
|a Performing the Renaissance body :
|b essays on drama, law, and representation /
|c edited by Sidia Fiorato and John Drakakis.
|
| 264 |
|
1 |
|a Berlin ;
|a Boston :
|b De Gruyter,
|c 2016.
|
| 300 |
|
|
|a ix, 299 pages :
|b music ;
|c 24 cm.
|
| 336 |
|
|
|a text
|b txt
|2 rdacontent
|
| 337 |
|
|
|a unmediated
|b n
|2 rdamedia
|
| 338 |
|
|
|a volume
|b nc
|2 rdacarrier
|
| 490 |
1 |
|
|a Law & literature ;
|v v. 11
|
| 504 |
|
|
|a Includes bibliographical references and index.
|
| 650 |
|
0 |
|a Human body in literature.
|0 http://id.loc.gov/authorities/subjects/sh85015234
|
| 650 |
|
0 |
|a Law and literature.
|0 http://id.loc.gov/authorities/subjects/sh85075297
|
| 650 |
|
0 |
|a European drama
|y Renaissance, 1450-1600.
|0 http://id.loc.gov/authorities/subjects/sh85045802
|
| 650 |
|
0 |
|a European literature
|y Renaissance, 1450-1600.
|0 http://id.loc.gov/authorities/subjects/sh85045831
|
| 650 |
|
7 |
|0 (DE-588)4014777-0
|0 (DE-603)085033405
|a Englisch.
|2 gnd
|
| 650 |
|
7 |
|0 (DE-588)4012899-4
|0 (DE-603)085028231
|a Drama.
|2 gnd
|
| 650 |
|
7 |
|0 (DE-588)4164424-4
|0 (DE-603)085732990
|a Körper.
|9 g:Motiv
|2 gnd
|
| 650 |
|
7 |
|0 (DE-588)4121561-8
|0 (DE-603)085393703
|a Recht.
|9 g:Motiv
|2 gnd
|
| 650 |
|
7 |
|0 (DE-588)4048737-4
|0 (DE-603)085135747
|a Recht.
|2 gnd
|
| 650 |
|
7 |
|0 (DE-588)4202023-2
|0 (DE-603)086023373
|a Repräsentation.
|9 g:Soziologie
|2 gnd
|
| 650 |
|
7 |
|0 (DE-588)4184191-8
|0 (DE-603)085892238
|a Symbolfunktion.
|2 gnd
|
| 651 |
|
7 |
|0 (DE-588)4015701-5
|0 (DE-603)08503617X
|a Europa.
|2 gnd
|
| 650 |
|
7 |
|a European drama
|x Renaissance.
|2 fast
|0 (OCoLC)fst01711050
|
| 650 |
|
7 |
|a European literature
|x Renaissance.
|2 fast
|0 (OCoLC)fst01710967
|
| 650 |
|
7 |
|a Human body in literature.
|2 fast
|0 (OCoLC)fst01899762
|
| 650 |
|
7 |
|a Law and literature.
|2 fast
|0 (OCoLC)fst00993913
|
| 648 |
|
7 |
|a 1450 - 1600
|2 fast
|
| 700 |
1 |
|
|a Fiorato, Sidia,
|e editor.
|0 http://id.loc.gov/authorities/names/no2004056133
|
| 700 |
1 |
|
|a Drakakis, John,
|e editor.
|0 http://id.loc.gov/authorities/names/n81044270
|
| 776 |
0 |
|
|z 9783110464481 (ePub : online)
|
| 776 |
0 |
|
|w (GyWOH)har160194926
|
| 830 |
|
0 |
|a Law & literature (De Gruyter) ;
|v v. 11.
|0 http://id.loc.gov/authorities/names/no2012007010
|
| 994 |
|
|
|a C0
|b TXA
|
| 948 |
|
|
|a cataloged
|b h
|c 2016/7/22
|d c
|e jlanham
|f 9:59:08 am
|
| 999 |
f |
f |
|s a8b71410-bf55-3884-87e1-9d6f0ed53bbc
|i 6d248b07-b397-3c28-8287-8ba06aee41a2
|t 0
|
| 952 |
f |
f |
|p normal
|a Texas A&M University
|b College Station
|c Sterling C. Evans Library
|d Evans: Library Stacks
|t 0
|e PN56.B62 P47 2016
|h Library of Congress classification
|i unmediated -- volume
|m A14843639742
|
| 998 |
f |
f |
|a PN56.B62 P47 2016
|t 0
|l Evans: Library Stacks
|